Postoje podniků k řízení klíčových pozic a zaměstnanců
Postoje spoločností pôsobiacich vo výrobnom priemysle Moravskosliezskeho kraja k riadeniu kľúčových pozícií a zamestnancov v podnikateľskom prostredí. Návrh postupu na jeho efektívnu a praktickú implementáciu a aplikáciu. Kľúčová úloha kľúčových zamestnancov pri dosahovaní alebo udržiavaní konkurenc...
Guardado en:
| Autor principal: | |
|---|---|
| Otros Autores: | , |
| Formato: | Capítulo de libro |
| Lenguaje: | checo |
| Materias: | |
| Etiquetas: |
Sin Etiquetas, Sea el primero en etiquetar este registro!
|
MARC
| LEADER | 00000naa a2200000 4500 | ||
|---|---|---|---|
| 001 | 0264073 | ||
| 005 | 20200610143156.5 | ||
| 041 | 0 | |a cze | |
| 044 | |a CZ | ||
| 245 | 1 | 0 | |a Postoje podniků k řízení klíčových pozic a zaměstnanců |c Petra Horváthová, Šárka Velčovská, Lenka Kauerová |
| 520 | |a Postoje spoločností pôsobiacich vo výrobnom priemysle Moravskosliezskeho kraja k riadeniu kľúčových pozícií a zamestnancov v podnikateľskom prostredí. Návrh postupu na jeho efektívnu a praktickú implementáciu a aplikáciu. Kľúčová úloha kľúčových zamestnancov pri dosahovaní alebo udržiavaní konkurencieschopnosti. | ||
| 610 | 2 | 0 | |a priemysel |
| 610 | 2 | 0 | |a Česko |
| 610 | 2 | 0 | |a zamestnanci |
| 610 | 2 | 0 | |a manažment |
| 610 | 2 | 0 | |a miesta pracovné |
| 610 | 2 | 0 | |a riadenie ľudských zdrojov |
| 100 | 1 | |a Horváthová, Petra | |
| 700 | 1 | |a Velčovská, Šárka | |
| 700 | 1 | |a Kauerová, Lenka | |